<?xml version="1.0" encoding="UTF-8"?>
<record
    xmlns:xsi="http://www.w3.org/2001/XMLSchema-instance"
    xsi:schemaLocation="http://www.loc.gov/MARC21/slim http://www.loc.gov/standards/marcxml/schema/MARC21slim.xsd"
    xmlns="http://www.loc.gov/MARC21/slim">

  <leader>02728nam a2200265   4500</leader>
  <controlfield tag="003">NALT</controlfield>
  <controlfield tag="005">20251031100247.0</controlfield>
  <controlfield tag="008">251027b        th ||||| |||| 00| 0 tha d</controlfield>
  <datafield tag="020" ind1=" " ind2=" ">
    <subfield code="a">9786164885073</subfield>
  </datafield>
  <datafield tag="040" ind1=" " ind2=" ">
    <subfield code="a">NALT</subfield>
  </datafield>
  <datafield tag="050" ind1=" " ind2=" ">
    <subfield code="a">DS 586</subfield>
    <subfield code="b">&#xE1C;142&#xE2A; 2568</subfield>
  </datafield>
  <datafield tag="100" ind1="0" ind2=" ">
    <subfield code="a">&#xE1C;&#xE08;&#xE07;&#xE23;&#xE31;&#xE01;&#xE29;&#xE4C; &#xE0B;&#xE33;&#xE40;&#xE08;&#xE23;&#xE34;&#xE0D;.	</subfield>
    <subfield code="9">66795</subfield>
  </datafield>
  <datafield tag="245" ind1="1" ind2="0">
    <subfield code="a">49 &#xE1B;&#xE35; 6 &#xE15;&#xE38;&#xE25;&#xE32;&#xE2F;: &#xE18;&#xE23;&#xE23;&#xE21;&#xE28;&#xE32;&#xE2A;&#xE15;&#xE23;&#xE4C;&#xE43;&#xE19;&#xE40;&#xE14;&#xE37;&#xE2D;&#xE19;&#xE15;&#xE38;&#xE25;&#xE32;: &#xE1A;&#xE31;&#xE19;&#xE17;&#xE36;&#xE01;&#xE01;&#xE32;&#xE23;&#xE15;&#xE48;&#xE2D;&#xE2A;&#xE39;&#xE49;&#xE02;&#xE2D;&#xE07;&#xE19;&#xE31;&#xE01;&#xE28;&#xE36;&#xE01;&#xE29;&#xE32;&#xE41;&#xE25;&#xE30;&#xE1B;&#xE23;&#xE30;&#xE0A;&#xE32;&#xE0A;&#xE19;&#xE1C;&#xE48;&#xE32;&#xE19;&#xE20;&#xE32;&#xE1E;&#xE40;&#xE01;&#xE48;&#xE32;&#xE08;&#xE32;&#xE01;&#xE2B;&#xE49;&#xE2D;&#xE07;&#xE2B;&#xE19;&#xE31;&#xE07;&#xE2A;&#xE37;&#xE2D;&#xE2B;&#xE32;&#xE22;&#xE32;&#xE01; &#xE21;&#xE2B;&#xE32;&#xE27;&#xE34;&#xE17;&#xE22;&#xE32;&#xE25;&#xE31;&#xE22;&#xE18;&#xE23;&#xE23;&#xE21;&#xE28;&#xE32;&#xE2A;&#xE15;&#xE23;&#xE4C; /</subfield>
    <subfield code="c">&#xE1C;&#xE08;&#xE07;&#xE23;&#xE31;&#xE01;&#xE29;&#xE4C; &#xE0B;&#xE33;&#xE40;&#xE08;&#xE23;&#xE34;&#xE0D;.	</subfield>
  </datafield>
  <datafield tag="250" ind1=" " ind2=" ">
    <subfield code="a">&#xE1E;&#xE34;&#xE21;&#xE1E;&#xE4C;&#xE04;&#xE23;&#xE31;&#xE49;&#xE07;&#xE17;&#xE35;&#xE48; 1.</subfield>
  </datafield>
  <datafield tag="260" ind1=" " ind2=" ">
    <subfield code="a">&#xE01;&#xE23;&#xE38;&#xE07;&#xE40;&#xE17;&#xE1E;&#xE2F; :  </subfield>
    <subfield code="b">&#xE21;&#xE2B;&#xE32;&#xE27;&#xE34;&#xE17;&#xE22;&#xE32;&#xE25;&#xE31;&#xE22;&#xE18;&#xE23;&#xE23;&#xE21;&#xE28;&#xE32;&#xE2A;&#xE15;&#xE23;&#xE4C;, </subfield>
    <subfield code="c">2568.</subfield>
  </datafield>
  <datafield tag="300" ind1=" " ind2=" ">
    <subfield code="a">144 &#xE2B;&#xE19;&#xE49;&#xE32; : </subfield>
    <subfield code="b">&#xE20;&#xE32;&#xE1E;&#xE1B;&#xE23;&#xE30;&#xE01;&#xE2D;&#xE1A; ; </subfield>
    <subfield code="c">21 &#xE0B;&#xE21;.</subfield>
  </datafield>
  <datafield tag="505" ind1="2" ind2=" ">
    <subfield code="a">&#xE1A;&#xE17;&#xE19;&#xE33; : &#xE01;&#xE32;&#xE23;&#xE2A;&#xE16;&#xE32;&#xE1B;&#xE19;&#xE32; 6 &#xE15;&#xE38;&#xE25;&#xE32;&#xE43;&#xE19;&#xE2A;&#xE31;&#xE07;&#xE04;&#xE21;&#xE44;&#xE17;&#xE22; -- &#xE27;&#xE48;&#xE32;&#xE14;&#xE49;&#xE27;&#xE22; 14 &#xE15;&#xE38;&#xE25;&#xE32;&#xE04;&#xE21; 2516 -- &#xE19;.&#xE28;. &#xE21;&#xE2B;&#xE32;&#xE27;&#xE34;&#xE17;&#xE22;&#xE32;&#xE25;&#xE31;&#xE22;&#xE40;&#xE14;&#xE34;&#xE19;&#xE02;&#xE1A;&#xE27;&#xE19;&#xE02;&#xE31;&#xE1A; &#xE14;&#xE23;.&#xE28;&#xE31;&#xE01;&#xE14;&#xE34;&#xE4C; (22 &#xE21;&#xE34;.&#xE22;. 2516) -- &#xE40;&#xE23;&#xE35;&#xE22;&#xE01;&#xE23;&#xE49;&#xE2D;&#xE07;&#xE23;&#xE31;&#xE10;&#xE18;&#xE23;&#xE23;&#xE21;&#xE19;&#xE39;&#xE0D; (&#xE15;.&#xE04;. 16) -- &#xE40;&#xE14;&#xE34;&#xE19;&#xE02;&#xE1A;&#xE27;&#xE19;&#xE40;&#xE23;&#xE35;&#xE22;&#xE01;&#xE23;&#xE49;&#xE2D;&#xE07;&#xE23;&#xE31;&#xE10;&#xE18;&#xE23;&#xE23;&#xE21;&#xE19;&#xE39;&#xE0D; 9-14 &#xE15;.&#xE04;. 16 -- &#xE27;&#xE31;&#xE19;&#xE21;&#xE2B;&#xE32;&#xE27;&#xE34;&#xE1B;&#xE42;&#xE22;&#xE04; (14 &#xE15;.&#xE04;. 16) -- &#xE2A;&#xE19;&#xE32;&#xE21;&#xE1F;&#xE38;&#xE15;&#xE1A;&#xE2D;&#xE25; (14 &#xE15;.&#xE04;. 16) -- &#xE2A;&#xE44;&#xE25;&#xE14;&#xE4C; &#xE2D;&#xE19;&#xE38;&#xE2A;&#xE32;&#xE27;&#xE23;&#xE35;&#xE22;&#xE4C; &#xE16;&#xE19;&#xE19;&#xE23;&#xE32;&#xE0A;&#xE14;&#xE33;&#xE40;&#xE19;&#xE34;&#xE19;, &#xE21;&#xE18;. (14 &#xE15;.&#xE04;. 16) -- &#xE27;&#xE48;&#xE32;&#xE14;&#xE49;&#xE27;&#xE22; 6 &#xE15;&#xE38;&#xE25;&#xE32;&#xE04;&#xE21; 2519 -- &#xE2D;&#xE32;&#xE0A;&#xE35;&#xE27;&#xE30; &#xE1A;&#xE38;&#xE01; &#xE21;&#xE18;. (21 &#xE2A;.&#xE04;. 18) -- &#xE01;&#xE23;&#xE30;&#xE17;&#xE34;&#xE07;&#xE41;&#xE14;&#xE07; &#xE2D;&#xE32;&#xE0A;&#xE35;&#xE27;&#xE30; &#xE1A;&#xE38;&#xE01; &#xE21;&#xE18;. (21 &#xE2A;.&#xE04;. 18) -- &#xE42;&#xE1B;&#xE2A;&#xE40;&#xE15;&#xE2D;&#xE23;&#xE4C;&#xE02;&#xE31;&#xE1A;&#xE44;&#xE25;&#xE48;&#xE1B;&#xE23;&#xE30;&#xE20;&#xE32;&#xE2A; (17 &#xE2A;.&#xE04;. 19) -- &#xE23;&#xE31;&#xE10;&#xE04;&#xE38;&#xE01;&#xE04;&#xE32;&#xE21;&#xE40;&#xE2A;&#xE23;&#xE35;&#xE20;&#xE32;&#xE1E; (21 &#xE2A;.&#xE04;. 19) -- &#xE25;&#xE32;&#xE19;&#xE42;&#xE1E;&#xE18;&#xE34;&#xE4C; (4 &#xE15;.&#xE04;. 19) -- &#xE25;&#xE32;&#xE19;&#xE42;&#xE1E;&#xE18;&#xE34;&#xE4C; &#xE42;&#xE14;&#xE21; &#xE2D;&#xE32;&#xE04;&#xE32;&#xE23; (6 &#xE15;.&#xE04;. 19) &#xE01;&#xE4A;&#xE2D;&#xE1B;&#xE1B;&#xE35;&#xE49; -- &#xE2A;&#xE19;&#xE32;&#xE21;&#xE2B;&#xE25;&#xE27;&#xE07; &#xE21;&#xE18;. (6 &#xE15;.&#xE04;. 19).</subfield>
  </datafield>
  <datafield tag="651" ind1=" " ind2="4">
    <subfield code="a">&#xE44;&#xE17;&#xE22;</subfield>
    <subfield code="x">&#xE01;&#xE32;&#xE23;&#xE40;&#xE21;&#xE37;&#xE2D;&#xE07;&#xE41;&#xE25;&#xE30;&#xE01;&#xE32;&#xE23;&#xE1B;&#xE01;&#xE04;&#xE23;&#xE2D;&#xE07;</subfield>
    <subfield code="y">2516-2519</subfield>
    <subfield code="9">66331</subfield>
  </datafield>
  <datafield tag="651" ind1=" " ind2="4">
    <subfield code="a">&#xE44;&#xE17;&#xE22;</subfield>
    <subfield code="x">&#xE1B;&#xE23;&#xE30;&#xE27;&#xE31;&#xE15;&#xE34;&#xE28;&#xE32;&#xE2A;&#xE15;&#xE23;&#xE4C;</subfield>
    <subfield code="x">&#xE27;&#xE31;&#xE19;&#xE21;&#xE2B;&#xE32;&#xE27;&#xE34;&#xE1B;&#xE42;&#xE22;&#xE04;, 2516</subfield>
    <subfield code="x">&#xE20;&#xE32;&#xE1E; </subfield>
    <subfield code="y">&#xE01;&#xE23;&#xE38;&#xE07;&#xE23;&#xE31;&#xE15;&#xE19;&#xE42;&#xE01;&#xE2A;&#xE34;&#xE19;&#xE17;&#xE23;&#xE4C; </subfield>
    <subfield code="y">&#xE23;&#xE31;&#xE0A;&#xE01;&#xE32;&#xE25;&#xE17;&#xE35;&#xE48; 9 </subfield>
    <subfield code="9">66837</subfield>
  </datafield>
  <datafield tag="942" ind1=" " ind2=" ">
    <subfield code="2">lcc</subfield>
    <subfield code="c">GB</subfield>
  </datafield>
  <datafield tag="996" ind1=" " ind2=" ">
    <subfield code="a">jidapa.t</subfield>
    <subfield code="b">ACQSTF</subfield>
    <subfield code="c">2025-10-27</subfield>
  </datafield>
  <datafield tag="996" ind1=" " ind2=" ">
    <subfield code="a">varee.k</subfield>
    <subfield code="b">LIBSTF</subfield>
    <subfield code="c">2025-10-28</subfield>
  </datafield>
  <datafield tag="996" ind1=" " ind2=" ">
    <subfield code="a">saiphon.d</subfield>
    <subfield code="b">CATSTF	</subfield>
    <subfield code="c">2025-10-31</subfield>
  </datafield>
  <datafield tag="999" ind1=" " ind2=" ">
    <subfield code="c">107403</subfield>
    <subfield code="d">107403</subfield>
  </datafield>
  <datafield tag="998" ind1=" " ind2=" ">
    <subfield code="j">104</subfield>
    <subfield code="k"> &#xE19;&#xE32;&#xE07;&#xE2A;&#xE32;&#xE27;&#xE2A;&#xE32;&#xE22;&#xE1D;&#xE19;  &#xE14;&#xE35;&#xE07;&#xE32;&#xE21;</subfield>
  </datafield>
  <datafield tag="952" ind1=" " ind2=" ">
    <subfield code="0">0</subfield>
    <subfield code="1">0</subfield>
    <subfield code="2">lcc</subfield>
    <subfield code="4">0</subfield>
    <subfield code="7">0</subfield>
    <subfield code="8">CGBL</subfield>
    <subfield code="a">NALT</subfield>
    <subfield code="b">NALT</subfield>
    <subfield code="c">GEN</subfield>
    <subfield code="d">2025-10-27</subfield>
    <subfield code="l">0</subfield>
    <subfield code="o">DS 586 &#xE1C;142&#xE2A; 2568</subfield>
    <subfield code="p">3961215845</subfield>
    <subfield code="r">2025-10-27 00:00:00</subfield>
    <subfield code="w">2025-10-27</subfield>
    <subfield code="y">GB</subfield>
  </datafield>
</record>
